01141 2200181 4500001002100000005001500021035002000036245004900056100001500105250001700120300002900137260004400166082000800210084001400218020002200232650001000254520069500264INLIS00000000000017020240510082810 a0010-05240000921 aWhy? Environment :bLingkungan /cChoi, Yeol0 aChoi, Yeol acetakan ke-1 a160 hlm :bilus ;c24 cm aJakarta :bElex Media Komputindo,c2010 a577 a577 CHO w a978-979-277-158-9 4aSains aSetiap tahun, terjadi kekeringan dan banjir di berbagai negara. Terjadinya bencana alam terus-menerus seperti ini adalah bukti bahwa kita telah mencemari lingkungan. Demi pebangunan, kita telah merusak lingkungan. Demi kenyamanan kita, limbah dari pabrik, sampah rumah tangga, dan lainnya dibuang begitu saja. Semua tindakan ini akhirnya akan merusak lingkungan, dan akan merusak kesehatan kita juga. Tapi, masih belum terlambat. Mainan yang dibuang begitu saja, satu tetes air yang terbuang percuma, bahkan satu lembar kertas pun, sebisa mungkin harus kita hemat. Melalui hal-hal kecil seperti itu, mari kita membuat bumi ini semakin hijau dan menjadi tempat yang indah untuk kita tempati.